000
00294nam a2200109Ia 4500
008
220216s9999 xx 000 0 und d
100
_a
Kothandaraman R
245
0
_a
Decomposition of raw natural rubber by soil bacteria
260
_b
Rubber Board Bulletin
_c
1981-82
300
_a
19
942
_c
JS
999
_c
56748
_d
56748